[Event "Olympiad-44"]
[Site "Chennai"]
[Date "2022.08.05"]
[Round "7.2"]
[White "Young, Christopher1111"]
[Black "Manan, Yoboue Hermann"]
[Result "1-0"]
[WhiteElo "1620"]
[BlackElo "2066"]
[PlyCount "91"]
[EventDate "2022.07.29"]
[EventType "team-swiss"]
[EventRounds "11"]
[EventCountry "IND"]
[SourceTitle "CBM 210"]
[Source "ChessBase"]
[SourceDate "2022.10.31"]
[SourceVersion "1"]
[SourceVersionDate "2022.10.31"]
[SourceQuality "1"]
[WhiteTeam "Cayman Islands"]
[BlackTeam "Ivory Coast"]
[WhiteTeamCountry "CAY"]
[BlackTeamCountry "IVO"]

1. d4 d5 2. c4 e6 3. Nf3 Nf6 4. Nc3 Be7 5. Bf4 0-0 6. e3 c6 7. Rc1 Nbd7 8. Bd3 Nh5 9. Bg3 g6 10. e4 dxe4 11. Nxe4 f5 12. Nc3 f4 13. Qe2 Nb6 14. Rd1 Bd7 15. Ne5 Qe8 16. Qg4 fxg3 17. hxg3 Rf5 18. Qh3 Rxe5+ 19. dxe5 Qf7 20. a3 c5 21. Ne2 Rf8 22. f4 Qg7 23. Rf1 Qf7 24. Rh1 Qg7 25. Rf1 Rf7 26. b3 Qf8 27. Rh1 Qb8 28. Kd2 Na8 29. Qg4 Rg7 30. Qh3 a6 31. g4 Nxf4 32. Nxf4 Qxe5 33. Nxg6 hxg6 34. Qh8+ Kf7 35. Rhf1+ Bf6 36. Rxf6+ Kxf6 37. Qd8+ Re7 38. Rf1+ Kg5 39. Qxe7+ Kxg4 40. Qxd7 Nb6 41. Be2+ Kg3 42. Qd3+ Kh4 43. Qh3+ Kg5 44. Qg4+ Kh6 45. Qh4+ Kg7 46. Qe7+ 1-0

[Event "Ouagadougou zt 4.4"]
[Site "Ouagadougou"]
[Date "2018.12.18"]
[Round "8"]
[White "Manan, Yoboue Hermann"]
[Black "Kamara, Ansumana"]
[Result "1-0"]
[WhiteElo "2017"]
[BlackElo "1939"]
[PlyCount "96"]
[EventDate "2018.12.13"]
[EventType "swiss"]
[EventRounds "9"]
[EventCountry "BUR"]
[SourceTitle "CBM 187 Extra"]
[Source "ChessBase"]
[SourceDate "2018.11.04"]
[SourceVersion "1"]
[SourceVersionDate "2018.11.04"]
[SourceQuality "1"]

1. e4 c5 2. Nc3 Nc6 3. g3 d6 4. Bg2 e5 5. d3 Nf6 6. Nh3 Be7 7. 0-0 Nd4 8. f3 h6 9. Nf2 g5 10. Ne2 Be6 11. c3 Nxe2+ 12. Qxe2 Qd7 13. Rd1 Qb5 14. Bf1 0-0-0 15. Qc2 Qc6 16. Be3 Kb8 17. Rac1 d5 18. Qb1 Nh7 19. b4 d4 20. Bd2 Qa4 21. bxc5 Bxa2 22. Qb2 Qb3 23. Rb1 Qxb2 24. Rxb2 Be6 25. Rdb1 Bc8 26. cxd4 exd4 27. Ba5 Bxc5 28. Bxd8 Rxd8 29. e5 Rd5 30. Ne4 a6 31. Nxc5 Rxc5 32. Rb6 Rxe5 33. Rxh6 Nf8 34. Rxa6 Ne6 35. Rab6 Re3 36. Kf2 Nc5 37. h4 gxh4 38. gxh4 Kc7 39. h5 Re5 40. Rh6 Bf5 41. Rb5 Bxd3 42. Rxc5+ Rxc5 43. Bxd3 b5 44. Rh7 b4 45. Rxf7+ Kb6 46. h6 Rc3 47. h7 Rxd3 48. h8Q b3 1-0

[Event "Ouagadougou zt 4.4"]
[Site "Ouagadougou"]
[Date "2018.12.17"]
[Round "7"]
[White "Manan, Yoboue Hermann"]
[Black "James, Tondo"]
[Result "1-0"]
[WhiteElo "2017"]
[BlackElo "1884"]
[PlyCount "47"]
[EventDate "2018.12.13"]
[EventType "swiss"]
[EventRounds "9"]
[EventCountry "BUR"]
[SourceTitle "CBM 187 Extra"]
[Source "ChessBase"]
[SourceDate "2018.11.04"]
[SourceVersion "1"]
[SourceVersionDate "2018.11.04"]
[SourceQuality "1"]

1. e4 c5 2. Nf3 d6 3. d4 cxd4 4. Nxd4 Nf6 5. Nc3 g6 6. f3 Bg7 7. Be3 0-0 8. Qd2 Nc6 9. g4 d5 10. g5 Nh5 11. exd5 Nb4 12. Bc4 Qc7 13. Bb3 Bh3 14. 0-0-0 Rfc8 15. Rhe1 Qa5 16. Kb1 Rc7 17. Ncb5 Rc5 18. a3 Nc6 19. dxc6 Rxb5 20. cxb7 Rb8 21. Nxb5 Qxb5 22. Qd8+ Qe8 23. Qxe8+ Rxe8 24. Bxa7 1-0

[Event "Ouagadougou zt 4.4"]
[Site "Ouagadougou"]
[Date "2018.12.15"]
[Round "3"]
[White "Manan, Yoboue Hermann"]
[Black "Apemiye, Austin"]
[Result "1-0"]
[WhiteElo "2017"]
[BlackElo "2056"]
[PlyCount "75"]
[EventDate "2018.12.13"]
[EventType "swiss"]
[EventRounds "9"]
[EventCountry "BUR"]
[SourceTitle "CBM 187 Extra"]
[Source "ChessBase"]
[SourceDate "2018.11.04"]
[SourceVersion "1"]
[SourceVersionDate "2018.11.04"]
[SourceQuality "1"]

1. e4 e6 2. d4 d5 3. Nc3 Bb4 4. e5 c5 5. a3 Ba5 6. b4 cxd4 7. Nb5 Bc7 8. Nf3 Nc6 9. Bb2 Nxe5 10. Bxd4 Nxf3+ 11. Qxf3 f6 12. c4 Ne7 13. Qh5+ g6 14. Qh4 e5 15. Qxf6 Rf8 16. Nxc7+ Qxc7 17. Qxe5 Qxe5+ 18. Bxe5 Nc6 19. Bg3 Be6 20. cxd5 Bxd5 21. 0-0-0 0-0-0 22. Be2 Be6 23. Kb2 Rxd1 24. Rxd1 Rd8 25. Kc3 Rxd1 26. Bxd1 a6 27. a4 Kd7 28. Bf3 b6 29. Be2 a5 30. b5 Ne7 31. Bc4 Bxc4 32. Kxc4 Nf5 33. Kd5 Ng7 34. Bf4 Nh5 35. Be5 g5 36. g4 Nf4+ 37. Bxf4 gxf4 38. g5 1-0

[Event "Johannesburg PSS Capablanca-A"]
[Site "Johannesburg"]
[Date "2017.04.28"]
[Round "4"]
[White "Manan, Yoboue Hermann"]
[Black "Tshabalala, Ernest"]
[Result "1-0"]
[WhiteElo "2072"]
[BlackElo "2003"]
[PlyCount "49"]
[EventDate "2017.04.26"]
[EventType "tourn"]
[EventRounds "9"]
[EventCountry "RSA"]
[SourceTitle "CBM 178 Extra"]
[Source "ChessBase"]
[SourceDate "2017.06.22"]
[SourceVersion "1"]
[SourceVersionDate "2017.06.22"]
[SourceQuality "1"]

1. e4 c5 2. Nf3 d6 3. d4 cxd4 4. Nxd4 Nf6 5. Bd3 a6 6. 0-0 e6 7. Nc3 Be7 8. Be3 Qc7 9. f3 Nc6 10. Nb3 b5 11. Qe2 0-0 12. Qf2 Bb7 13. Qg3 Kh8 14. f4 b4 15. Na4 Nd7 16. c3 a5 17. Rac1 Ba6 18. c4 Bf6 19. Qh3 e5 20. f5 Nd8 21. Nd2 Nb7 22. g4 Nbc5 23. Nxc5 Nxc5 24. Bb1 Qe7 25. Nf3 1-0

[Event "Johannesburg PSS Capablanca-A"]
[Site "Johannesburg"]
[Date "2017.04.27"]
[Round "3"]
[White "Manan, Yoboue Hermann"]
[Black "Ristovich, Dmitar S"]
[Result "0-1"]
[WhiteElo "2072"]
[BlackElo "2015"]
[PlyCount "98"]
[EventDate "2017.04.26"]
[EventType "tourn"]
[EventRounds "9"]
[EventCountry "RSA"]
[SourceTitle "CBM 178 Extra"]
[Source "ChessBase"]
[SourceDate "2017.06.22"]
[SourceVersion "1"]
[SourceVersionDate "2017.06.22"]
[SourceQuality "1"]

1. e4 c5 2. Nf3 Nc6 3. d4 cxd4 4. Nxd4 g6 5. Bc4 Bg7 6. Nxc6 bxc6 7. 0-0 Qc7 8. Nc3 Nf6 9. Re1 d6 10. Bf4 Ng4 11. Bb3 0-0 12. Bg3 Qa5 13. h3 Ne5 14. f4 Nc4 15. Bxc4 Qc5+ 16. Kh2 Qxc4 17. e5 d5 18. Qd2 Bf5 19. Rad1 Rfd8 20. b3 Qb4 21. Na4 Qa3 22. c3 c5 23. Bf2 Rac8 24. Qb2 Qxb2 25. Nxb2 Bh6 26. g3 e6 27. c4 d4 28. Kg2 g5 29. Kf3 Bg6 30. b4 gxf4 31. g4 cxb4 32. Rxd4 Rxd4 33. Bxd4 Rd8 34. Bc5 Rd2 35. Rd1 Rxd1 36. Nxd1 Bc2 37. Nb2 a5 38. Bd6 Bb1 39. a4 bxa3 40. Bxa3 f5 41. exf6 e5 42. Bd6 e4+ 43. Kf2 Bg5 44. c5 Ba2 45. c6 Bxf6 46. c7 Bd4+ 47. Kg2 Be6 48. Nc4 f3+ 49. Kh2 f2 0-1

[Event "Johannesburg PSS Prestige op"]
[Site "Johannesburg"]
[Date "2017.04.23"]
[Round "10"]
[White "Manan, Yoboue Hermann"]
[Black "Bouah, Lyndon"]
[Result "0-1"]
[WhiteElo "2072"]
[BlackElo "2115"]
[PlyCount "106"]
[EventDate "2017.04.22"]
[EventType "swiss (rapid)"]
[EventRounds "10"]
[EventCountry "RSA"]
[SourceTitle "CBM 177 Extra"]
[Source "ChessBase"]
[SourceDate "2017.04.27"]
[SourceVersion "1"]
[SourceVersionDate "2017.04.27"]
[SourceQuality "1"]

1. e4 Nf6 2. e5 Nd5 3. d4 d6 4. Nf3 Bg4 5. Be2 c6 6. c4 Nb6 7. exd6 exd6 8. b3 Be7 9. h3 Bh5 10. Nbd2 0-0 11. 0-0 N8d7 12. Re1 Re8 13. Ba3 Nf6 14. Nf1 Ne4 15. Bd3 d5 16. c5 Bf8 17. g4 Bg6 18. Kg2 Nd7 19. Bb2 Qf6 20. Qc2 h5 21. Ng3 hxg4 22. hxg4 Qf4 23. Nh2 Ndf6 24. Bc1 Qc7 25. Be3 Re6 26. Ngf1 Rae8 27. f3 Ng3 28. Bxg6 Nxf1 29. Bxf7+ Qxf7 30. Nxf1 Nh7 31. Qd2 g6 32. Bf2 Bg7 33. Bh4 Nf8 34. Bg3 Nd7 35. Rxe6 Rxe6 36. Re1 Nf8 37. Be5 Bxe5 38. dxe5 Re8 39. Kg3 Ne6 40. b4 g5 41. Kf2 Rf8 42. Qd3 Nf4 43. Qe3 Qh7 44. Kg1 Qc2 45. Nd2 Re8 46. Qd4 Re6 47. Kf2 Nd3+ 48. Kf1 Nxe1 49. Kxe1 Rh6 50. e6 Rxe6+ 51. Kf2 Qd1 52. Qd3 Qe1+ 53. Kg2 Re2+ 0-1

[Event "Olympiad-42"]
[Site "Baku"]
[Date "2016.09.08"]
[Round "6.1"]
[White "Alcid, Allan"]
[Black "Manan, Yoboue Hermann"]
[Result "0-1"]
[WhiteElo "1750"]
[BlackElo "2115"]
[PlyCount "128"]
[EventDate "2016.09.02"]
[EventType "team-swiss"]
[EventRounds "11"]
[EventCountry "AZE"]
[SourceTitle "CBM 175"]
[Source "ChessBase"]
[SourceDate "2016.11.10"]
[SourceVersion "1"]
[SourceVersionDate "2016.11.10"]
[SourceQuality "1"]
[WhiteTeam "Palau"]
[BlackTeam "Ivory Coast"]
[WhiteTeamCountry "PAL"]
[BlackTeamCountry "IVO"]

1. e4 e5 2. Nf3 Nc6 3. Nc3 Nf6 4. Bc4 Bc5 5. 0-0 0-0 6. d3 h6 7. a3 a6 8. Ne2 d5 9. exd5 Nxd5 10. b4 Ba7 11. Bb2 Re8 12. Ng3 Nf4 13. Qd2 Qf6 14. Rae1 Bg4 15. Ne4 Qg6 16. Nh4 Qh5 17. g3 Bh3 18. Bxe5 Nxe5 19. Qxf4 Nxc4 20. dxc4 Bxf1 21. Kxf1 Qe5 22. Qg4 Re6 23. Nf5 Rg6 24. Qf3 Re6 25. Qg4 Rae8 26. c5 h5 27. Qg5 g6 28. Nh6+ Kg7 29. Nxf7 Kxf7 30. Nd6+ cxd6 31. Rxe5 Rxe5 32. Qf4+ Ke6 33. Qc4+ Kd7 34. Qf7+ R8e7 35. Qxg6 dxc5 36. Qd3+ Kc6 37. c4 cxb4 38. axb4 Rd7 39. Qf3+ Kc7 40. c5 a5 41. Qa3 b6 42. cxb6+ Bxb6 43. Qc3+ Kd6 44. f4 Re3 45. Qf6+ Kc7 46. b5 Bd4 47. Qc6+ Kd8 48. Qa8+ Ke7 49. Qxa5 Rf3+ 50. Kg2 Rf2+ 51. Kh3 Rb2 52. Qe1+ Kf7 53. f5 Rd6 54. Qd1 Rxb5 55. Qxh5+ Kf6 56. Kg4 Rb4 57. Qg6+ Ke7 58. Qh7+ Bg7+ 59. Kg5 Kf8 60. Qh3 Bh6+ 61. Kh5 Be3 62. f6 Rd5+ 63. Kg6 Rg5+ 64. Kh7 Rb7+ 0-1

[Event "Accra zt 4.4"]
[Site "Accra"]
[Date "2016.03.30"]
[Round "2"]
[White "Manan, Yoboue Hermann"]
[Black "Kigigha, Bomo"]
[Result "1-0"]
[WhiteElo "2104"]
[BlackElo "2363"]
[PlyCount "45"]
[EventDate "2016.03.29"]
[EventType "swiss"]
[EventRounds "9"]
[EventCountry "GHA"]
[SourceTitle "CBM 171 Extra"]
[Source "ChessBase"]
[SourceDate "2016.04.26"]
[SourceVersion "1"]
[SourceVersionDate "2016.04.26"]
[SourceQuality "1"]

1. e4 d5 2. exd5 Qxd5 3. Nc3 Qa5 4. d4 c6 5. Nf3 Nf6 6. Bc4 Bg4 7. h3 Bh5 8. Qe2 e6 9. Bd2 Qd8 10. 0-0-0 Nbd7 11. d5 cxd5 12. Nxd5 Be7 13. Nxf6+ Nxf6 14. Bh6 Bd6 15. Bxg7 Rg8 16. Bb5+ Ke7 17. Bxf6+ Kxf6 18. Qe4 Bg6 19. Qh4+ Kg7 20. Qd4+ f6 21. Qxd6 Rc8 22. Qd7+ Kh8 23. Qxd8 1-0

[Event "Lagos CIV-ch inv op2"]
[Site "Lagos"]
[Date "2015.06.27"]
[Round "5"]
[White "Hushie, Carlton"]
[Black "Manan, Yoboue Hermann"]
[Result "0-1"]
[WhiteElo "1737"]
[BlackElo "2092"]
[PlyCount "80"]
[EventDate "2015.06.26"]
[EventType "swiss"]
[EventRounds "9"]
[EventCountry "NGR"]
[SourceTitle "EXT 2018"]
[Source "ChessBase"]
[SourceDate "2017.10.13"]
[SourceVersion "1"]
[SourceVersionDate "2017.10.13"]
[SourceQuality "1"]

1. e4 e5 2. Bc4 Nc6 3. Nf3 Bc5 4. c3 Nf6 5. Qe2 0-0 6. Bb3 a6 7. d3 h6 8. h3 d5 9. Nbd2 Re8 10. Nf1 dxe4 11. dxe4 Be6 12. Bc2 b5 13. g4 Bc4 14. Qd1 Qxd1+ 15. Bxd1 Nxe4 16. Be3 Bxf1 17. Bxc5 Nxc5 18. Kxf1 Rad8 19. Bc2 e4 20. Nh4 Rd2 21. Rc1 Nd3 22. Bxd3 exd3 23. Nf3 Rxb2 24. Rd1 Rd8 25. Rd2 Rxd2 26. Nxd2 Ne5 27. f4 Nc4 28. Rh2 Nxd2+ 29. Rxd2 c5 30. a3 c4 31. Kf2 Re8 32. f5 Re4 33. Kf3 Re1 34. Ra2 Rc1 35. a4 Rxc3 36. axb5 axb5 37. Ra8+ Kh7 38. Ra7 Rc1 39. Ke3 Re1+ 40. Kd2 Re2+ 0-1

[Event "Lagos CIV-ch inv op2"]
[Site "Lagos"]
[Date "2015.06.26"]
[Round "1"]
[White "Ameku, Philip Elikem"]
[Black "Manan, Yoboue Hermann"]
[Result "0-1"]
[WhiteElo "1852"]
[BlackElo "2092"]
[PlyCount "71"]
[EventDate "2015.06.26"]
[EventType "swiss"]
[EventRounds "9"]
[EventCountry "NGR"]
[SourceTitle "EXT 2018"]
[Source "ChessBase"]
[SourceDate "2017.10.13"]
[SourceVersion "1"]
[SourceVersionDate "2017.10.13"]
[SourceQuality "1"]

1. e4 e5 2. Nf3 Nc6 3. d4 exd4 4. Bc4 Bc5 5. c3 Nf6 6. cxd4 Bb4+ 7. Nc3 Nxe4 8. 0-0 Bxc3 9. d5 Bf6 10. Re1 Ne7 11. Rxe4 d6 12. Bg5 Bxg5 13. Nxg5 h6 14. Qh5 g6 15. Qh4 Kf8 16. Rae1 Nf5 17. Ne6+ Bxe6 18. Qxd8+ Rxd8 19. dxe6 Re8 20. g4 Nh4 21. Rf4 f5 22. gxf5 Nxf5 23. Kh1 Ke7 24. Rg1 Rhg8 25. h4 Ref8 26. h5 g5 27. Rf3 c6 28. Bd3 Nh4 29. Rh3 Rf4 30. Rgg3 Rgf8 31. Bg6 Kxe6 32. Re3+ Kd7 33. Kg1 Rxf2 34. Rhg3 Rf1+ 35. Kh2 R8f2+ 36. Kh3 0-1